000 00348nam a22001457a 4500
020 _qPB.
040 _cFIZZA ISHAQ
082 _a720.284
_bFRA
100 _aCHING, K. D. FRANCIS.
_990493
245 _aDESIGN DRAWING /
_cFRANCIS D. K. CHING.
250 _a2nd ED.
260 _bJOHN WILEY & SON,
_c2016.
300 _a308 P. ;
942 _2ddc
_cBK
999 _c588688
_d588688